<?xml version="1.0" encoding="UTF-8"?>
<record
    xmlns:xsi="http://www.w3.org/2001/XMLSchema-instance"
    xsi:schemaLocation="http://www.loc.gov/MARC21/slim http://www.loc.gov/standards/marcxml/schema/MARC21slim.xsd"
    xmlns="http://www.loc.gov/MARC21/slim">

  <leader>00877nam a22002297a 4500</leader>
  <controlfield tag="003">OSt</controlfield>
  <controlfield tag="005">20130604114620.0</controlfield>
  <controlfield tag="008">130604s2010    sp ||||| |||| 00| 0 cat d</controlfield>
  <datafield tag="020" ind1=" " ind2=" ">
    <subfield code="a">9788492542390</subfield>
  </datafield>
  <datafield tag="040" ind1=" " ind2=" ">
    <subfield code="c">CDMR</subfield>
  </datafield>
  <datafield tag="245" ind1="0" ind2="0">
    <subfield code="a">Diari d'una postguerra</subfield>
    <subfield code="b">: La Vanguardia Espa&#xF1;ola (1939-1944)</subfield>
    <subfield code="c">Rafael Aracil, Andreu Mayayo, Antoni Segura (eds.)</subfield>
  </datafield>
  <datafield tag="260" ind1=" " ind2=" ">
    <subfield code="a">Catarroja (Barcelona)</subfield>
    <subfield code="b">Afers</subfield>
    <subfield code="c">2010</subfield>
  </datafield>
  <datafield tag="490" ind1="0" ind2=" ">
    <subfield code="a">Recerca i pensament</subfield>
    <subfield code="v">58</subfield>
  </datafield>
  <datafield tag="500" ind1=" " ind2=" ">
    <subfield code="a">Estudi dins del grup de recerca "El franquisme a catalunya: institucionalitzaci&#xF3; del r&#xE8;gim i organitzaci&#xF3; de l'oposici&#xF3; (1938-1979) (2)"</subfield>
  </datafield>
  <datafield tag="610" ind1="2" ind2=" ">
    <subfield code="9">1150</subfield>
    <subfield code="a">La Vanguardia (Diari)</subfield>
    <subfield code="x">Hist&#xF2;ria</subfield>
    <subfield code="y">1939-1946</subfield>
  </datafield>
  <datafield tag="650" ind1="0" ind2="4">
    <subfield code="9">3312</subfield>
    <subfield code="a">Franquisme</subfield>
  </datafield>
  <datafield tag="650" ind1="0" ind2="4">
    <subfield code="9">3166</subfield>
    <subfield code="a">Catalunya</subfield>
    <subfield code="x">Hist&#xF2;ria</subfield>
    <subfield code="y">1939-1946</subfield>
  </datafield>
  <datafield tag="700" ind1="1" ind2=" ">
    <subfield code="9">3648</subfield>
    <subfield code="a">Aracil, Rafael</subfield>
  </datafield>
  <datafield tag="700" ind1="1" ind2=" ">
    <subfield code="9">3649</subfield>
    <subfield code="a">Mayayo, Andreu</subfield>
  </datafield>
  <datafield tag="700" ind1="1" ind2=" ">
    <subfield code="9">3650</subfield>
    <subfield code="a">Segura, Antoni</subfield>
    <subfield code="e">(eds.)</subfield>
  </datafield>
  <datafield tag="942" ind1=" " ind2=" ">
    <subfield code="2">udc</subfield>
    <subfield code="c">MON</subfield>
  </datafield>
  <datafield tag="999" ind1=" " ind2=" ">
    <subfield code="c">6395</subfield>
    <subfield code="d">6395</subfield>
  </datafield>
  <datafield tag="952" ind1=" " ind2=" ">
    <subfield code="0">0</subfield>
    <subfield code="1">0</subfield>
    <subfield code="4">0</subfield>
    <subfield code="7">0</subfield>
    <subfield code="a">CDMR</subfield>
    <subfield code="b">CDMR</subfield>
    <subfield code="d">2013-01-16</subfield>
    <subfield code="l">1</subfield>
    <subfield code="m">1</subfield>
    <subfield code="o">Du 9/20</subfield>
    <subfield code="p">CDMR13066608</subfield>
    <subfield code="r">2014-04-28</subfield>
    <subfield code="s">2014-03-18</subfield>
    <subfield code="w">2013-06-04</subfield>
    <subfield code="y">MON</subfield>
  </datafield>
</record>
